[Event "C.to Provinciale RC"]
[Site "Locri ITA"]
[Date "2009.02.21"]
[Round "2"]
[White "Zampaglione, Francesco"]
[Black "Familari, Giuseppe"]
[Result "0-1"]
[WhiteElo "1368"]
[BlackElo "1822"]
[PlyCount "46"]
[EventDate "2009.02.20"]

1. e4 Nc6 2. Nf3 d5 3. exd5 Qxd5 4. Nc3 Qa5 5. Bb5 Bd7 6. Ne5 Nxe5 7. Bxd7+
Nxd7 8. O-O Ngf6 9. d3 e6 10. Be3 Bd6 11. Qf3 O-O-O 12. Ne4 Nxe4 13. Qxe4 Qe5
14. Qxe5 Nxe5 15. f4 Ng4 16. Rae1 Nxe3 17. Rxe3 Bc5 18. Rfe1 Bxe3+ 19. Rxe3 h5
20. f5 exf5 21. Rf3 g6 22. Kf2 Rhe8 23. h3 Re6 0-1

[Event "C.to Provinciale RC"]
[Site "Locri ITA"]
[Date "2009.02.21"]
[Round "3"]
[White "Cordi', Domenico"]
[Black "Luvera', Filippo"]
[Result "1/2-1/2"]
[WhiteElo "2052"]
[BlackElo "1856"]
[PlyCount "38"]
[EventDate "2009.02.20"]

1. d4 Nf6 2. Nf3 e6 3. c4 b6 4. g3 Bb7 5. Bg2 Bb4+ 6. Nc3 c5 7. dxc5 Bxc3+ 8.
bxc3 bxc5 9. O-O O-O 10. Bf4 Qa5 11. Qb3 Be4 12. Rfd1 Nc6 13. Ne5 Nxe5 14. Bxe5
Bxg2 15. Kxg2 Rfd8 16. f3 Ne8 17. Qb5 Qxb5 18. cxb5 d5 19. Bf4 Nd6 1/2-1/2

[Event "C.to Provinciale RC"]
[Site "Locri ITA"]
[Date "2009.02.21"]
[Round "3"]
[White "Familari, Giuseppe"]
[Black "Valotta, Massimiliano"]
[Result "1-0"]
[WhiteElo "1822"]
[BlackElo "1889"]
[PlyCount "89"]
[EventDate "2009.02.20"]

1. d4 e6 2. c4 d5 3. Nc3 Nf6 4. cxd5 exd5 5. Bg5 c6 6. e3 Be7 7. Qc2 Nbd7 8.
Bd3 h6 9. Bh4 O-O 10. Nge2 Ng4 11. Bg3 Bh4 12. h3 Bxg3 13. Nxg3 Ngf6 14. O-O
Nb6 15. b4 a6 16. a4 Bd7 17. b5 cxb5 18. axb5 a5 19. Rfc1 Nc8 20. Qb3 Be6 21.
Na4 Nd6 22. Nc5 b6 23. Nxe6 fxe6 24. Rc6 Rc8 25. Rac1 Qd7 26. f3 Rxc6 27. bxc6
Qc7 28. Ne2 Rb8 29. e4 Nf7 30. e5 Ne8 31. Nf4 Qe7 32. Ba6 Nc7 33. Bb7 b5 34.
Nd3 Nd8 35. Nc5 Nxb7 36. cxb7 h5 37. Nxe6 Rxb7 38. Nxc7 Rxc7 39. Rxc7 Qxc7 40.
Qxd5+ Kh7 41. Qe4+ Kg8 42. e6 Kf8 43. d5 b4 44. Qf5+ Ke7 45. Qf7+ 1-0

[Event "C.to Provinciale RC"]
[Site "Locri ITA"]
[Date "2009.02.21"]
[Round "3"]
[White "Fariselli, Umberto"]
[Black "Barbera, Giuseppe"]
[Result "0-1"]
[WhiteElo "1518"]
[BlackElo "1510"]
[PlyCount "66"]
[EventDate "2009.02.20"]

1. e4 c5 2. Bb5 a6 3. Bc4 e6 4. a3 Ne7 5. Nf3 Ng6 6. d3 Nc6 7. c3 Bd6 8. O-O
O-O 9. Re1 Nh4 10. Bg5 Nxf3+ 11. Qxf3 Qxg5 12. g3 Ne5 13. Qg2 b5 14. Bb3 Nxd3
15. Rd1 c4 16. Bc2 Bc5 17. Bxd3 cxd3 18. Rxd3 Qc1+ 19. Qf1 Qxb2 20. Nd2 Bb7 21.
Rxd7 Rab8 22. a4 bxa4 23. Rb1 Qxc3 24. Rbxb7 Rxb7 25. Rxb7 Qxd2 26. Rc7 Bb6 27.
Rc6 Qd4 28. Rc4 Qd7 29. Qc1 e5 30. Qb2 Bd4 31. Qa2 Qg4 32. Rxa4 Qxe4 33. Qd2
Rb8 0-1

[Event "C.to Provinciale RC"]
[Site "Locri ITA"]
[Date "2009.02.21"]
[Round "3"]
[White "Tricomi, Massimo"]
[Black "Altomonte, Giuseppe"]
[Result "1/2-1/2"]
[WhiteElo "1874"]
[BlackElo "1743"]
[PlyCount "106"]
[EventDate "2009.02.20"]

1. d4 d5 2. c4 c6 3. Nf3 Nf6 4. Nc3 e6 5. e3 Be7 6. Bd3 Nbd7 7. Qc2 dxc4 8.
Bxc4 b5 9. Bd3 Bb7 10. O-O O-O 11. Bd2 b4 12. Na4 c5 13. Ne5 Rc8 14. Nxd7 Qxd7
15. Nxc5 Bxc5 16. dxc5 Rfd8 17. Bxh7+ Nxh7 18. Bxb4 Qb5 19. Ba3 Rd5 20. Rad1
Rcd8 21. Rxd5 Rxd5 22. Rd1 Qc6 23. f3 Qd7 24. Rxd5 Bxd5 25. b4 Qb5 26. Qc3 Qc4
27. Qxc4 Bxc4 28. c6 Bb5 29. c7 Bd7 30. b5 Nf6 31. Bc5 Nd5 32. Bxa7 Nc3 33. b6
Bc8 34. a3 Kf8 35. Kf2 Ke8 36. b7 Bxb7 37. Bd4 Nb5 38. Bxg7 Nxa3 39. h4 Ke7 40.
g4 f6 41. g5 fxg5 42. hxg5 Nb5 43. Be5 Nd6 44. g6 Nc4 45. Bd4 e5 46. Bc5+ Kf6
47. Ke2 Kxg6 48. Kd3 Nb2+ 49. Kc3 Nd1+ 50. Kc2 Nf2 51. Kd2 Kf5 52. e4+ Nxe4+
53. fxe4+ Kxe4 1/2-1/2

[Event "C.to Provinciale RC"]
[Site "Locri ITA"]
[Date "2009.02.21"]
[Round "3"]
[White "Zampaglione, Davide"]
[Black "Zampaglione, Francesco"]
[Result "1-0"]
[WhiteElo "1572"]
[BlackElo "1368"]
[PlyCount "85"]
[EventDate "2009.02.20"]

1. e4 e5 2. Nf3 Nf6 3. Nxe5 d6 4. Nf3 Nxe4 5. d4 d5 6. Bd3 Bd6 7. O-O O-O 8.
Re1 Re8 9. Nbd2 Nxd2 10. Bxd2 Nc6 11. Re2 Bg4 12. Rxe8+ Qxe8 13. c3 Qe6 14. Qe1
Bxf3 15. Qxe6 fxe6 16. gxf3 Rf8 17. Re1 Rxf3 18. Be2 Rf6 19. Bg4 Rg6 20. h3 h5
21. Rxe6 Rxe6 22. Bxe6+ Kh8 23. Bxd5 a5 24. Bxc6 bxc6 25. c4 c5 26. d5 Kg8 27.
Bxa5 g5 28. a3 g4 29. hxg4 hxg4 30. b4 cxb4 31. Bxb4 Bxb4 32. axb4 Kf7 33. Kg2
Ke7 34. f4 gxf3+ 35. Kxf3 Kd6 36. Kf4 c6 37. Ke4 cxd5+ 38. cxd5 Kd7 39. Ke5 Ke7
40. b5 Kd7 41. d6 Kc8 42. b6 Kd7 43. b7 1-0

[Event "C.to Provinciale RC"]
[Site "Locri ITA"]
[Date "2009.02.22"]
[Round "4"]
[White "Altomonte, Giuseppe"]
[Black "Cordi', Domenico"]
[Result "0-1"]
[WhiteElo "1743"]
[BlackElo "2052"]
[PlyCount "78"]
[EventDate "2009.02.20"]

1. d4 Nf6 2. c4 e6 3. Nf3 c5 4. e3 Be7 5. Bd3 O-O 6. Nc3 cxd4 7. exd4 d5 8. c5
b6 9. cxb6 Qxb6 10. O-O Ba6 11. Na4 Qb7 12. Rb1 Bxd3 13. Qxd3 a5 14. Bg5 Na6
15. a3 Qc6 16. Nc3 Rfc8 17. Ne5 Qb7 18. Na4 Rc7 19. Rfc1 Bd6 20. Rxc7 Nxc7 21.
Bxf6 gxf6 22. Nd7 Ne8 23. Ndc5 Bxc5 24. Nxc5 Qc6 25. h3 a4 26. b4 axb3 27. Rxb3
Nd6 28. g4 Kg7 29. a4 Ra7 30. Qg3 Ne4 31. Nxe4 dxe4 32. Rc3 Qd5 33. Qb8 Rb7 34.
Qc8 Rb1+ 35. Rc1 Rb4 36. Rc5 Qxd4 37. g5 f5 38. a5 Rb2 39. Rc2 Qd1+ 0-1

[Event "C.to Provinciale RC"]
[Site "Locri ITA"]
[Date "2009.02.22"]
[Round "4"]
[White "Levato, Biagio"]
[Black "Mercuri, Delia"]
[Result "1/2-1/2"]
[WhiteElo "1546"]
[BlackElo "1442"]
[PlyCount "101"]
[EventDate "2009.02.20"]

1. e4 e5 2. Nf3 Nf6 3. Bc4 Nc6 4. Nc3 Be7 5. O-O O-O 6. Re1 d6 7. d4 Bg4 8.
dxe5 Nxe5 9. Be2 Bxf3 10. Bxf3 Qd7 11. Be2 Rad8 12. f4 Nc6 13. Be3 a6 14. Bf3
Qc8 15. Qe2 Rfe8 16. Rad1 Bf8 17. Qf2 Ng4 18. Qh4 Nxe3 19. Rxe3 f5 20. Ree1 Nb4
21. Qf2 Nc6 22. Qf1 d5 23. exd5 Bc5+ 24. Kh1 Nd4 25. Rxe8+ Rxe8 26. Qc4 Ba7 27.
h3 Kh8 28. Qd3 Qd8 29. Kh2 Nxf3+ 30. Qxf3 Re3 31. Qh5 g6 32. Qg5 Qd6 33. h4 h5
34. Rf1 Kg7 35. Nd1 Re2 36. c4 Re4 37. b3 Bd4 38. Rf3 Re1 39. Nf2 Re2 40. Nd3
Bf6 41. Qg3 Qe7 42. Kh3 Bd4 43. Ne5 Bxe5 44. fxe5 Rxe5 45. Qf4 Re2 46. Qd4+ Kh7
47. c5 Re4 48. Qf2 Re2 49. Qd4 Re4 50. Qf2 Re2 51. Qd4 1/2-1/2

[Event "C.to Provinciale RC"]
[Site "Locri ITA"]
[Date "2009.02.22"]
[Round "4"]
[White "Luvera', Filippo"]
[Black "Familari, Giuseppe"]
[Result "0-1"]
[WhiteElo "1856"]
[BlackElo "1822"]
[PlyCount "60"]
[EventDate "2009.02.20"]

1. e4 e5 2. Nf3 Nc6 3. Bc4 Nf6 4. d3 Be7 5. c3 O-O 6. O-O d5 7. exd5 Nxd5 8.
Qe2 Nf4 9. Bxf4 exf4 10. b4 Bf6 11. Qd2 Nxb4 12. Na3 Nd5 13. d4 Be6 14. Rad1 c6
15. Nc2 Qa5 16. Nb4 Nxc3 17. Qxc3 c5 18. Nd5 Qxc3 19. Nxc3 Bxc4 20. Rfe1 Rad8
21. Re4 Rfe8 22. Rxf4 cxd4 23. Ne4 Be5 24. Nxe5 Rxe5 25. h4 Be2 26. Rd2 d3 27.
f3 Rc8 28. Kf2 Rc2 29. g4 h5 30. g5 Rxe4 0-1

[Event "C.to Provinciale RC"]
[Site "Locri ITA"]
[Date "2009.02.22"]
[Round "4"]
[White "Valotta, Massimiliano"]
[Black "Tricomi, Massimo"]
[Result "1-0"]
[WhiteElo "1889"]
[BlackElo "1874"]
[PlyCount "57"]
[EventDate "2009.02.20"]

1. e4 e6 2. d4 d5 3. exd5 exd5 4. Nf3 Nf6 5. Bd3 Be7 6. Bd2 Bg4 7. h3 Bh5 8.
O-O O-O 9. Be3 Nbd7 10. Nbd2 Bg6 11. Be2 Ne4 12. Nxe4 dxe4 13. Nh2 f5 14. f4
Nf6 15. c4 c6 16. g4 h6 17. Qb3 Qb6 18. Rfd1 Qxb3 19. axb3 b6 20. Nf1 Bd6 21.
Ra6 Nd7 22. Rda1 Bb8 23. c5 bxc5 24. dxc5 Rc8 25. Ng3 Nf6 26. Bc4+ Nd5 27.
Bxd5+ cxd5 28. Rxg6 Kf7 29. gxf5 1-0

[Event "C.to Provinciale RC"]
[Site "Locri ITA"]
[Date "2009.02.22"]
[Round "5"]
[White "Altomonte, Giuseppe"]
[Black "Luvera', Filippo"]
[Result "1/2-1/2"]
[WhiteElo "1743"]
[BlackElo "1856"]
[PlyCount "55"]
[EventDate "2009.02.20"]

1. d4 Nf6 2. c4 e6 3. Nf3 b6 4. e3 Bb7 5. Bd3 c5 6. Nc3 cxd4 7. exd4 d5 8. O-O
dxc4 9. Bxc4 Be7 10. Qd3 O-O 11. Bg5 Nc6 12. a3 Rc8 13. Rad1 Nd5 14. Bxe7 Ncxe7
15. Ng5 Ng6 16. Bxd5 Bxd5 17. Nxd5 Qxg5 18. Nc3 Nf4 19. Qf3 Nd5 20. Nxd5 Qxd5
21. Qxd5 exd5 22. f3 f6 23. Rc1 Rfe8 24. Kf2 Kf7 25. Rfd1 Ke6 26. Re1+ Kd7 27.
Rxe8 Rxe8 28. Rc2 1/2-1/2

[Event "C.to Provinciale RC"]
[Site "Locri ITA"]
[Date "2009.02.22"]
[Round "5"]
[White "Familari, Giuseppe"]
[Black "Cordi', Domenico"]
[Result "0-1"]
[WhiteElo "1822"]
[BlackElo "2052"]
[PlyCount "58"]
[EventDate "2009.02.20"]

1. d4 Nf6 2. Nc3 d5 3. Bg5 Nbd7 4. e3 h6 5. Bh4 e6 6. f4 Be7 7. Nf3 Ng4 8. Bxe7
Qxe7 9. Qd2 a6 10. Be2 c5 11. h3 Ngf6 12. Ne5 b5 13. g4 b4 14. O-O-O bxc3 15.
Qxc3 Ne4 16. Qe1 Bb7 17. h4 O-O-O 18. Qa5 Nxe5 19. fxe5 Qc7 20. Qe1 Kb8 21. Rf1
Rc8 22. Bd3 Rhf8 23. Rf4 f6 24. Bxe4 dxe4 25. Qf2 cxd4 26. exd4 e3 27. Qe2 Rfd8
28. Rdf1 fxe5 29. Rf7 Rd7 0-1

[Event "C.to Provinciale RC"]
[Site "Locri ITA"]
[Date "2009.02.22"]
[Round "5"]
[White "Mercuri, Delia"]
[Black "Valotta, Massimiliano"]
[Result "0-1"]
[WhiteElo "1442"]
[BlackElo "1889"]
[PlyCount "90"]
[EventDate "2009.02.20"]

1. e4 c5 2. c3 e6 3. Nf3 d5 4. exd5 exd5 5. d4 h6 6. Be3 c4 7. Nbd2 Nf6 8. h3
Bd6 9. Be2 Qc7 10. Rc1 O-O 11. b3 Ba3 12. Ra1 Bb2 13. bxc4 Bxa1 14. Qxa1 Be6
15. c5 Nc6 16. O-O b6 17. Nb3 Ne4 18. Qc1 f6 19. Bf4 Qc8 20. Kh2 g5 21. Bd6
Nxd6 22. cxd6 Qd7 23. Ng1 Qxd6+ 24. f4 Bf5 25. Qd2 Rae8 26. Kh1 Be4 27. Bh5 Re7
28. f5 Qg3 29. Bg6 Qd3 30. Qd1 Qxd1 31. Rxd1 Rc8 32. Ne2 Bxg2+ 33. Kxg2 Rxe2+
34. Kg1 Ne7 35. Bh5 Re3 36. Kh2 Rcxc3 37. Bg4 h5 38. Rc1 Rxc1 39. Nxc1 hxg4 40.
hxg4 Re4 41. Kg3 Rxd4 42. Ne2 Rd2 43. Nc1 Rc2 44. Nb3 Rc3+ 45. Kf2 Rxb3 0-1

[Event "C.to Provinciale RC"]
[Site "Locri ITA"]
[Date "2009.02.22"]
[Round "5"]
[White "Tricomi, Massimo"]
[Black "Levato, Biagio"]
[Result "1-0"]
[WhiteElo "1874"]
[BlackElo "1546"]
[PlyCount "95"]
[EventDate "2009.02.20"]

1. d4 Nf6 2. c4 g6 3. Nc3 Bg7 4. e4 d6 5. Nf3 O-O 6. Be2 e5 7. dxe5 dxe5 8.
Qxd8 Rxd8 9. Bg5 Nc6 10. Nd5 Rd6 11. Bxf6 Bxf6 12. Nxc7 Rb8 13. Ne8 Re6 14.
Nxf6+ Rxf6 15. h3 Re6 16. O-O-O Re8 17. c5 h6 18. Bb5 Be6 19. a3 f6 20. Rd6 Kf7
21. Bxc6 bxc6 22. Rxc6 Rb7 23. Rd1 a5 24. Rdd6 a4 25. Ra6 Rd7 26. Rxa4 Rxd6 27.
cxd6 Rc8+ 28. Kd2 Bd7 29. Ra7 Ke6 30. Ra6 Bc6 31. b4 Kd7 32. Ke3 Rb8 33. Nd2
Bb5 34. Ra7+ Kxd6 35. a4 Be8 36. Nc4+ Ke6 37. Ra6+ Ke7 38. Nb6 Bc6 39. b5 Bb7
40. Nd5+ Bxd5 41. exd5 Rd8 42. d6+ Rxd6 43. Rxd6 Kxd6 44. b6 Kc6 45. a5 f5 46.
f3 g5 47. g4 fxg4 48. fxg4 1-0

[Event "C.to Provinciale RC"]
[Site "Locri ITA"]
[Date "2009.02.22"]
[Round "5"]
[White "Zampaglione, Davide"]
[Black "Barbera, Giuseppe"]
[Result "0-1"]
[WhiteElo "1572"]
[BlackElo "1510"]
[PlyCount "102"]
[EventDate "2009.02.20"]

1. e4 c5 2. Nf3 Nc6 3. Bc4 e6 4. Nc3 Nge7 5. O-O Ng6 6. d4 cxd4 7. Nxd4 Nxd4 8.
Qxd4 a6 9. Be3 d6 10. Rad1 e5 11. Qb6 Qxb6 12. Bxb6 Be6 13. Bxe6 fxe6 14. Rd2
Rc8 15. Rfd1 Rc6 16. Ba5 Be7 17. Bb4 Kd7 18. Na4 b6 19. b3 Rhc8 20. g3 Kc7 21.
Nb2 h5 22. Nc4 Rd8 23. Rd3 h4 24. Ne3 Nh8 25. Rc3 a5 26. Rxc6+ Kxc6 27. Bc3
hxg3 28. hxg3 Nf7 29. Kg2 Ra8 30. Rh1 Kd7 31. Nc4 Rb8 32. Bd2 d5 33. exd5 exd5
34. Ne3 Ke6 35. Ng4 d4 36. c4 dxc3 37. Bxc3 Rc8 38. Rc1 Bg5 39. Re1 Rxc3 40.
Nxe5 Nxe5 41. f4 Bf6 42. g4 Kd5 43. fxe5 Bxe5 44. Kh1 Rc2 45. Rd1+ Kc5 46. Re1
Bf4 47. Re7 Rxa2 48. Rxg7 Rb2 49. g5 Rxb3 50. g6 Rg3 51. Rg8 Bh6 0-1

[Event "X C.to Europeo"]
[Site "Budva MNE"]
[Date "2009.03.10"]
[Round "5"]
[White "Godena, Michele"]
[Black "Todorovic, Goran N."]
[Result "1-0"]
[WhiteElo "2537"]
[BlackElo "2389"]
[PlyCount "47"]
[EventDate "2009.03.06"]

1. e4 d6 2. d4 Nf6 3. Nc3 g6 4. Nf3 Bg7 5. h3 O-O 6. Bg5 c6 7. Qd2 d5 8. Bd3
dxe4 9. Nxe4 Nxe4 10. Bxe4 Nd7 11. O-O Qb6 12. Rfe1 Nf6 13. c3 c5 14. dxc5 Qxc5
15. Bc2 b6 16. Be3 Qh5 17. Bd4 Qd5 18. Rxe7 Bxh3 19. Bb3 Qc6 20. Bxf7+ Kh8 21.
Bd5 Qxd5 22. Bxf6 Qxd2 23. Bxg7+ Kg8 24. Nxd2 1-0

[Event "X C.to Europeo"]
[Site "Budva MNE"]
[Date "2009.03.10"]
[Round "5"]
[White "Stanojevic, Branko"]
[Black "Bruno, Fabio"]
[Result "1-0"]
[WhiteElo "2276"]
[BlackElo "2460"]
[PlyCount "42"]
[EventDate "2009.03.06"]

1. d4 d5 2. c4 c6 3. Nf3 Nf6 4. Nc3 e6 5. Bg5 dxc4 6. g3 b5 7. Bg2 Bb7 8. O-O
Nbd7 9. b3 b4 10. Na4 c3 11. Qc2 Be7 12. Rad1 Nd5 13. Bc1 Qc8 14. e4 N5b6 15.
Nxb6 axb6 16. Rfe1 Qc7 17. Bf4 Bd6 18. Bxd6 Qxd6 19. d5 cxd5 20. exd5 Bxd5 21.
Nh4 Nf6 1-0

[Event "X C.to Europeo"]
[Site "Budva MNE"]
[Date "2009.03.10"]
[Round "5"]
[White "Vukovic, Krsto"]
[Black "Valenti, Giuseppe"]
[Result "1-0"]
[WhiteElo "2055"]
[BlackElo "2183"]
[PlyCount "113"]
[EventDate "2009.03.06"]

1. e4 c5 2. Nc3 e6 3. g3 a6 4. Bg2 Nc6 5. d3 g6 6. Be3 Nd4 7. Qd2 Bg7 8. Nd1 d6
9. c3 Nc6 10. Ne2 h6 11. O-O Nf6 12. f4 Ng4 13. Rc1 O-O 14. h3 Nxe3 15. Nxe3 f5
16. d4 cxd4 17. cxd4 Ne7 18. Qb4 fxe4 19. Bxe4 d5 20. Bb1 a5 21. Qc5 b6 22. Qc7
Ba6 23. Rfe1 Bxe2 24. Rxe2 Bxd4 25. Kg2 Bc5 26. Qe5 Qd6 27. Qxd6 Bxd6 28. Ng4
h5 29. Rxe6 hxg4 30. Rxd6 gxh3+ 31. Kxh3 Rad8 32. Rxb6 d4 33. Bd3 Rb8 34. Re6
Kf7 35. Rce1 Nf5 36. Bc4 Kg7 37. b3 Rh8+ 38. Kg4 Rh2 39. R1e2 Rh1 40. Bd3 Ne3+
41. R2xe3 dxe3 42. Rxe3 Rd1 43. Kg5 Rb6 44. Bc4 Rd7 45. Re5 Ra7 46. g4 Rd6 47.
f5 gxf5 48. gxf5 a4 49. Re8 axb3 50. axb3 Rc7 51. f6+ Kh7 52. Re7+ Kh8 53. Rxc7
Rd5+ 54. Kg6 Rg5+ 55. Kf7 Rf5 56. Rc8+ Kh7 57. Bd3 1-0

[Event "X C.to Europeo"]
[Site "Budva MNE"]
[Date "2009.03.11"]
[Round "6"]
[White "Beliavsky, Alexander G."]
[Black "Godena, Michele"]
[Result "1/2-1/2"]
[WhiteElo "2646"]
[BlackElo "2537"]
[PlyCount "103"]
[EventDate "2009.03.06"]

1. d4 d5 2. c4 dxc4 3. e4 e5 4. Nf3 exd4 5. Bxc4 Nc6 6. O-O Be6 7. Bxe6 fxe6 8.
Qb3 Qd7 9. Qxb7 Rb8 10. Qa6 Nf6 11. Qe2 Bc5 12. e5 d3 13. Qe1 Nh5 14. Be3 Bb4
15. Qc1 O-O 16. Qc4 Rxf3 17. gxf3 Nxe5 18. Qe4 Qd5 19. Kg2 Nf6 20. Qxd5 Nxd5
21. b3 Rf8 22. a3 Ba5 23. b4 Nxe3+ 24. fxe3 Bb6 25. Nd2 Bxe3 26. Rae1 Bf4 27.
Re4 g5 28. Nb3 Rd8 29. Rd1 Kf7 30. h4 h6 31. Kf2 Kf6 32. h5 Rd5 33. Nc5 Kf5 34.
Rf1 d2 35. Rd1 Nd3+ 36. Nxd3 Rxd3 37. Rc4 Rxa3 38. Rc5+ Kf6 39. Ra5 Rxa5 40.
bxa5 c5 41. Ke2 c4 42. Rb1 c3 43. Kd1 Be3 44. Rb4 e5 45. Rc4 Bd4 46. Rc8 Kg7
47. Rc6 Kh7 48. Rg6 Be3 49. Kc2 Bd4 50. a6 Be3 51. Kd1 Bd4 52. Kc2 1/2-1/2

[Event "X C.to Europeo"]
[Site "Budva MNE"]
[Date "2009.03.11"]
[Round "6"]
[White "Bruno, Fabio"]
[Black "Bonte, Andrei-Mihai"]
[Result "0-1"]
[WhiteElo "2460"]
[BlackElo "2335"]
[PlyCount "60"]
[EventDate "2009.03.06"]

1. d4 Nf6 2. Nf3 e6 3. e3 b6 4. Bd3 Bb7 5. O-O Be7 6. c4 O-O 7. Nc3 d5 8. b3
Ne4 9. Bb2 Nd7 10. Qe2 f5 11. Rac1 c6 12. Rfd1 a5 13. Rc2 Bd6 14. Na4 Rf6 15.
c5 bxc5 16. dxc5 Ndxc5 17. Nxc5 Nxc5 18. Bxf6 Qxf6 19. Rdc1 Nxd3 20. Qxd3 Ba3
21. Rxc6 Bxc6 22. Rxc6 Qa1+ 23. Qf1 Qxa2 24. Qd1 a4 25. bxa4 Rb8 26. Nd2 Qxd2
27. Rc8+ Rxc8 28. Qxd2 Rc1+ 29. Qxc1 Bxc1 30. a5 Ba3 0-1

[Event "X C.to Europeo"]
[Site "Budva MNE"]
[Date "2009.03.11"]
[Round "6"]
[White "Pap, Misa"]
[Black "Caruana, Fabiano"]
[Result "0-1"]
[WhiteElo "2469"]
[BlackElo "2646"]
[PlyCount "98"]
[EventDate "2009.03.06"]

1. e4 e6 2. d4 d5 3. exd5 exd5 4. c4 Nf6 5. Nc3 Be7 6. Bd3 O-O 7. Nge2 Nc6 8.
cxd5 Nxd5 9. O-O Bg4 10. h3 Be6 11. Re1 Bf6 12. Nxd5 Bxd5 13. Nf4 g6 14. Be3
Bxd4 15. Bb5 Be4 16. Qa4 Bxe3 17. Rxe3 a6 18. Rxe4 axb5 19. Qxb5 Qd6 20. a3 Ra5
21. Qb3 Rd8 22. Rae1 Rf5 23. Re8+ Rxe8 24. Rxe8+ Kg7 25. Qc3+ Qf6 26. Nd5 Qxc3
27. Nxc3 Rc5 28. g4 Ne5 29. Ne4 Rc1+ 30. Kg2 Nd3 31. g5 Nf4+ 32. Kf3 Ne6 33. h4
h6 34. Rb8 b6 35. Kg3 Rg1+ 36. Kh2 Re1 37. f3 Re2+ 38. Kg3 Rxb2 39. f4 Rb3+ 40.
Kh2 Nxf4 41. Nf6 hxg5 42. hxg5 Rh3+ 43. Kg1 Rg3+ 44. Kf2 Rxg5 45. Ne8+ Kh6 46.
Nxc7 Ra5 47. Rxb6 Rxa3 48. Rf6 Nd3+ 49. Kg2 Ne5 0-1

[Event "X C.to Europeo"]
[Site "Budva MNE"]
[Date "2009.03.12"]
[Round "7"]
[White "Caruana, Fabiano"]
[Black "Popov, Ivan"]
[Result "1/2-1/2"]
[WhiteElo "2646"]
[BlackElo "2249"]
[PlyCount "67"]
[EventDate "2009.03.06"]

1. d4 d5 2. c4 c6 3. Nf3 Nf6 4. Nc3 dxc4 5. a4 e6 6. e3 c5 7. Bxc4 Nc6 8. O-O
cxd4 9. exd4 Be7 10. Qe2 O-O 11. Rd1 Nb4 12. Ne5 Bd7 13. Bg5 Bc6 14. Nxc6 bxc6
15. a5 Nbd5 16. Bh4 Rb8 17. Bg3 Bd6 18. a6 Bxg3 19. hxg3 Rb4 20. Na4 Nb6 21.
Nxb6 Rxb6 22. b3 Qe7 23. Ra5 Rd8 24. Re5 Rbb8 25. f4 Nd7 26. Re4 g6 27. g4 Nf6
28. Re5 Nd5 29. Rf1 Qf6 30. f5 exf5 31. gxf5 g5 32. Qe4 Kg7 33. Rc1 Rd6 34. Qf3
1/2-1/2

[Event "X C.to Europeo"]
[Site "Budva MNE"]
[Date "2009.03.12"]
[Round "7"]
[White "Rabrenovic, Milinko"]
[Black "Bruno, Fabio"]
[Result "0-1"]
[WhiteElo "2257"]
[BlackElo "2460"]
[PlyCount "67"]
[EventDate "2009.03.06"]

1. e4 c5 2. Nf3 Nc6 3. d4 cxd4 4. Nxd4 Qb6 5. Nb3 Nf6 6. Nc3 e6 7. Bd3 a6 8.
O-O Qc7 9. f4 d6 10. Qf3 b5 11. Be3 Bb7 12. a4 b4 13. Nb1 Be7 14. N1d2 O-O 15.
a5 Nb8 16. Qh3 Nbd7 17. Rae1 d5 18. e5 Ne4 19. Bd4 g6 20. f5 exf5 21. Rxf5 Ndc5
22. Bxe4 dxe4 23. e6 Nxe6 24. Be5 Bd6 25. Qg3 Bxe5 26. Rxe5 Qxc2 27. Qh4 Rad8
28. Re2 Qd3 29. Re1 Nd4 30. Nc5 Qxd2 31. Nxb7 Ne2+ 32. Kf1 Nf4 33. Rg5 Rd5 34.
Rxd5 0-1

[Event "X C.to Europeo"]
[Site "Budva MNE"]
[Date "2009.03.14"]
[Round "8"]
[White "Bruno, Fabio"]
[Black "Leniart, Arkadiusz"]
[Result "0-1"]
[WhiteElo "2460"]
[BlackElo "2360"]
[PlyCount "124"]
[EventDate "2009.03.06"]

1. c4 e5 2. Nc3 Nc6 3. g3 g6 4. Bg2 Bg7 5. Nf3 d6 6. d3 Nf6 7. O-O O-O 8. Rb1
Be6 9. b4 h6 10. b5 Nd4 11. Nd2 Qc8 12. e3 Nf5 13. Nd5 c6 14. bxc6 bxc6 15.
Nxf6+ Bxf6 16. Ne4 Be7 17. Nc3 h5 18. Qa4 Bd7 19. Ba3 Qc7 20. Bb4 Rfb8 21. Qc2
Be6 22. Rb3 d5 23. Bxe7 Nxe7 24. Na4 dxc4 25. dxc4 Qa5 26. Rfb1 Rxb3 27. axb3
Rb8 28. Nc3 Qb4 29. Na2 Qa3 30. Nc3 Rd8 31. Ne2 a5 32. Qc3 Qa2 33. Qe1 Bf5 34.
e4 Bg4 35. Nc3 Qc2 36. Qc1 Qd3 37. Qe1 Rb8 38. h3 Be6 39. Rb2 Kg7 40. Bf1 Qd4
41. Qe3 c5 42. Qxd4 cxd4 43. Nd5 Nc6 44. c5 a4 45. Bc4 Na5 46. Nb6 Bxc4 47.
bxc4 Nxc4 48. Ra2 Nxb6 49. cxb6 Rxb6 50. Rxa4 Rb1+ 51. Kg2 Re1 52. Kf3 d3 53.
Ra2 f5 54. exf5 gxf5 55. Ra7+ Kf6 56. Rd7 Ke6 57. Rd8 e4+ 58. Kg2 Ra1 59. f3
Ra6 60. fxe4 fxe4 61. Kf2 Rd6 62. Re8+ Kd7 0-1

[Event "X C.to Europeo"]
[Site "Budva MNE"]
[Date "2009.03.14"]
[Round "8"]
[White "Pap, Misa"]
[Black "Godena, Michele"]
[Result "0-1"]
[WhiteElo "2469"]
[BlackElo "2537"]
[PlyCount "86"]
[EventDate "2009.03.06"]

1. e4 e5 2. Nf3 Nc6 3. d4 exd4 4. Bc4 Bc5 5. Ng5 Nh6 6. Nxf7 Nxf7 7. Bxf7+ Kxf7
8. Qh5+ g6 9. Qxc5 d5 10. O-O dxe4 11. Bf4 Re8 12. c3 d3 13. Nd2 Bf5 14. Rfe1
Qd7 15. Qe3 Ne7 16. Qg3 Nd5 17. Be5 Nf6 18. Bxc7 Nh5 19. Qd6 Qxd6 20. Bxd6 Re6
21. Bc5 Nf4 22. h3 g5 23. Be3 Rc8 24. Kh2 h6 25. a4 a6 26. a5 Ne2 27. Ra4 Rc7
28. Rb4 Nf4 29. c4 Re5 30. Bd4 Re8 31. Rb6 Re6 32. Rb4 Ne2 33. Be3 Rec6 34. Ra1
Kf8 35. Ra3 g4 36. hxg4 Bxg4 37. Nxe4 Bf5 38. Nd2 Rg6 39. Rb6 Rg4 40. g3 h5 41.
Rf6+ Rf7 42. Rxf7+ Kxf7 43. Rb3 h4 0-1

[Event "X C.to Europeo"]
[Site "Budva MNE"]
[Date "2009.03.15"]
[Round "9"]
[White "Godena, Michele"]
[Black "Petrosian, Tigran L."]
[Result "0-1"]
[WhiteElo "2537"]
[BlackElo "2623"]
[PlyCount "82"]
[EventDate "2009.03.06"]

1. e4 d6 2. d4 Nf6 3. Nc3 g6 4. Bg5 Bg7 5. f4 c6 6. Qd2 b5 7. Bd3 Qb6 8. e5 b4
9. exf6 bxc3 10. Qe3 Bf8 11. fxe7 Bg7 12. bxc3 Qb2 13. Rd1 Qxc3+ 14. Kf1 Qxd4
15. Qxd4 Bxd4 16. Nf3 Bc3 17. f5 Nd7 18. h4 Nc5 19. Be2 Ne4 20. fxg6 hxg6 21.
Bf4 Kxe7 22. Nd4 Bd7 23. Bf3 d5 24. Bxe4 dxe4 25. Be5 Ba5 26. Bxh8 Rxh8 27. Kf2
f5 28. Ke3 Bb6 29. g4 Kf6 30. gxf5 gxf5 31. c3 Ke5 32. Rdf1 Rh5 33. Rf2 Bd8 34.
Rd1 Rxh4 35. Rxf5+ Bxf5 36. Nxc6+ Kf6 37. Rxd8 Rh3+ 38. Kf2 e3+ 39. Kg2 Be4+
40. Kxh3 e2 41. Rd6+ Kg5 0-1

[Event "X C.to Europeo"]
[Site "Budva MNE"]
[Date "2009.03.15"]
[Round "9"]
[White "Talla, Vladimir"]
[Black "Caruana, Fabiano"]
[Result "1-0"]
[WhiteElo "2407"]
[BlackElo "2646"]
[PlyCount "113"]
[EventDate "2009.03.06"]

1. e4 c5 2. Nf3 d6 3. d4 Nf6 4. Nc3 cxd4 5. Nxd4 a6 6. Be3 e6 7. Be2 Qc7 8. a3
b5 9. g4 Bb7 10. f3 Be7 11. Qd2 Nc6 12. O-O-O Na5 13. Kb1 Nc4 14. Bxc4 Qxc4 15.
h4 Nd7 16. Nce2 Ne5 17. g5 Qc7 18. b3 d5 19. Nf4 Bxa3 20. Nfxe6 fxe6 21. Nxe6
Qe7 22. exd5 Bc8 23. f4 Nc4 24. bxc4 bxc4 25. Ka2 Rb8 26. Rb1 Rb5 27. Rxb5 axb5
28. Qa5 Bd6 29. Qxb5+ Bd7 30. Qxc4 Bxe6 31. dxe6 O-O 32. Qd5 Rc8 33. Rb1 Kh8
34. c4 Qd8 35. Rb6 Qe8 36. Qxd6 Qa4+ 37. Kb2 Qxc4 38. Qd2 Ra8 39. Qa5 Rc8 40.
Qd2 Ra8 41. Rb3 Qa6 42. Qb4 Qa1+ 43. Kc2 Qa2+ 44. Kd3 Rc8 45. e7 Qc2+ 46. Kd4
Re8 47. Rc3 Qd1+ 48. Rd3 Qa1+ 49. Ke4 Qh1+ 50. Ke5 Qa1+ 51. Bd4 Qa6 52. Ke4
Qc6+ 53. Ke3 Qc1+ 54. Qd2 Qg1+ 55. Kf3 Qf1+ 56. Kg3 Rxe7 57. Bf2 1-0

[Event "X C.to Europeo"]
[Site "Budva MNE"]
[Date "2009.03.16"]
[Round "10"]
[White "Bruno, Fabio"]
[Black "Schmidt, Raul"]
[Result "1-0"]
[WhiteElo "2460"]
[BlackElo "2382"]
[PlyCount "57"]
[EventDate "2009.03.06"]

1. c4 Nf6 2. Nf3 g6 3. g3 Bg7 4. Bg2 O-O 5. O-O d6 6. d4 Nc6 7. Nc3 Rb8 8. h3
a6 9. e4 Na5 10. Qe2 b5 11. cxb5 axb5 12. b4 Nc6 13. Rb1 e5 14. d5 Nd4 15. Nxd4
exd4 16. Nxb5 Nxe4 17. Bxe4 Re8 18. Na7 Rxe4 19. Qxe4 Bf5 20. Qf3 Bxb1 21. Nc6
Qe8 22. Nxb8 Qxb8 23. Qb3 Bf5 24. g4 Bc8 25. Re1 Bb7 26. Bf4 Qa8 27. Qc4 Bxd5
28. Qxd5 Qxd5 29. Re8+ 1-0